Matemática hoy 6: libro guía para el profesor
保存先:
| 主要な著者: | , |
|---|---|
| フォーマット: | 図書 |
| 言語: | スペイン語 |
| 出版事項: |
Santiago
Santillana del Pacífico
1993
|
| 版: | 2a. ed |
| 主題: | |
| タグ: |
タグ追加
タグなし, このレコードへの初めてのタグを付けませんか!
|
MARC
| LEADER | 00000nam a2200000 a 4500 | ||
|---|---|---|---|
| 001 | UCZ0469 | ||
| 003 | CL-VaPUC | ||
| 008 | 950728e19930100CL |||||||||||||||||spa|d | ||
| 082 | 0 | 4 | |a 372.7 |b COF |2 21 |
| 100 | 0 | |a Cofré Jorquera, Alicia |e author |9 343335 | |
| 700 | 0 | |a Tapia Araya, Lucila |e author |9 343336 | |
| 245 | 1 | 0 | |a Matemática hoy 6: libro guía para el profesor |
| 250 | |a 2a. ed | ||
| 300 | |a 63 p | ||
| 942 | |c BK | ||
| 945 | |d 19950728 00:00:00 |a mfernand | ||
| 260 | |a Santiago |b Santillana del Pacífico |c 1993 | ||
| 650 | 0 | |a Matemática |9 260235 | |
| 650 | 0 | |a Matemáticas |x Enseñanza |9 875527 | |
| 650 | 0 | |a Libros de texto |9 270019 | |
| 583 | |a last modification |c 19950728 00:00:00 |k Rodrigo Vera | ||
| 999 | |c 237396 |d 237394 | ||
| 952 | |0 0 |1 0 |4 0 |6 372_700000000000000_COF_1993 |7 0 |8 P |9 246426 |a BIBEDU |b BIBEDU |c BIBEDU_PB |d 2019-11-18 |i 1549103 |o 372.7 COF 1993 |p 1549103 |r 2024-01-25 |w 2019-11-18 |y BK |k EDU | ||